00984nam a22002177a 4500999001700000003000900017008004100026040007100067082002600138100002400164245004600188260004200234300002700276505024200303650002700545650003100572650002700603942001600630945002100646952009900667 c17509d17509AR-CdUCM190508b ||||| |||| 00| 0 spa d aMUNICIPALIDAD PROVINCIAL DEL CUSCOcBIBLIOTECA MUNICIPAL DEL CUSCO 216ed.a330.98 /b G14 aGaleano, Eduardo H. aLas venas abiertas de América Latina /  aColombia : bSiglo veinti uno,c1977. a426 paginas ; c19 cm. aContenido :La pobreza del hombre como resultado de la riqueza de la tierra -- Fiebre del oro, fiebre de la plata -- El rey azúcar y otros monarcas agrícolas -- Las fuentes subterráneas del poder -- historia de la muerte temprana... aHistoria economica913 aCondiciones sociales91132 aAmérica latina94491 2ddccLIBROS awntsd2019-05-08 002ddc4070aSHbSHcCARTd2019-05-08g50.00o330.98 / G14pSH0000012515r2019-05-08yLIBROS